00334nam a2200109Ia 4500008004100000020001800041100002100059245007400080250001100154260004200165300001700207180219s9999 xx 000 0 und d a9789814666305 aHoward, Paula R. aBasic & applied concepts of blood banking and transfusion practices / a4th ed aQuezon City :bC & E publishingc2017 av, 406 pages